[Event "Foxwoods op"]
[Site "Mashantucket USA"]
[Date "2023.04.08"]
[Round "6"]
[White "Jefferson, Matheu"]
[Black "Duong, Thanh Nha"]
[Result "0-1"]
[WhiteElo "1923"]
[BlackElo "2086"]
[PlyCount "110"]
[EventDate "2023.04.05"]
[EventType "swiss"]
[EventRounds "9"]
[EventCountry "USA"]
[Source "ChessMix"]
[SourceDate "2023.04.20"]

1. e4 c5 2. Nf3 Nc6 3. Bb5 Qc7 4. O-O a6 5. Bxc6 Qxc6 6. Re1 d6 7. d4 cxd4 8.
Nxd4 Qc7 9. Nc3 e6 10. Bg5 g6 11. Qd2 f6 12. Bh4 Bd7 13. f4 Kf7 14. f5 e5 15.
Nb3 Bc6 16. Nd5 Bxd5 17. Qxd5+ Kg7 18. Rad1 Nh6 19. Rf1 g5 20. Bf2 Rc8 21. c4
Be7 22. Qe6 Rhd8 23. Rd3 Nf7 24. Rc1 b6 25. Nd2 b5 26. Rdc3 b4 27. Rd3 Kf8 28.
Qd5 a5 29. b3 Ra8 30. h4 h6 31. hxg5 hxg5 32. Rh3 Kg7 33. Re1 Rh8 34. Ree3 Nh6
35. Rhg3 a4 36. Rd3 Nf7 37. Nf1 Ra5 38. c5 dxc5 39. Qe6 Rd8 40. Rh3 Rxd3 41.
Rxd3 Nd8 42. Qc4 axb3 43. axb3 Ra1 44. g3 Qc6 45. Kg2 Rc1 46. Qd5 Qxd5 47. Rxd5
Nc6 48. Rd7 Kf8 49. Ne3 Ke8 50. Rc7 Nd4 51. Nd5 Bd8 52. Rh7 Nxb3 53. Rh8+ Kd7
54. Rh7+ Kc8 55. Rh8 Nd2 0-1

[Event "Foxwoods op"]
[Site "Mashantucket USA"]
[Date "2023.04.09"]
[Round "9"]
[White "De La Colina, Nicolas"]
[Black "Duong, Thanh Nha"]
[Result "1/2-1/2"]
[WhiteElo "2244"]
[BlackElo "2086"]
[PlyCount "145"]
[EventDate "2023.04.05"]
[EventType "swiss"]
[EventRounds "9"]
[EventCountry "USA"]
[Source "ChessMix"]
[SourceDate "2023.04.20"]

1. Nf3 Nf6 2. c4 c5 3. g3 b6 4. Bg2 Bb7 5. O-O e6 6. Nc3 d6 7. d4 cxd4 8. Qxd4
a6 9. Rd1 Nbd7 10. b3 Be7 11. Bb2 O-O 12. Rac1 Qc7 13. Qd2 Rfe8 14. Qc2 Rac8
15. Qb1 Qb8 16. e4 Qa8 17. Nd4 Nc5 18. Re1 Bf8 19. Rcd1 Rcd8 20. f3 Qb8 21. Qc2
Ba8 22. Qe2 Qa7 23. Kh1 h5 24. Bc1 Nh7 25. Qf2 g6 26. Bb2 Bg7 27. Re2 Qe7 28.
Red2 Bh6 29. Re2 Bg7 30. Kg1 Bf6 31. Red2 h4 32. Nde2 hxg3 33. hxg3 Qc7 34. Nd4
Bg7 35. Rc2 Nf6 36. Bc1 Nh7 37. Be3 Bf6 38. b4 Nd7 39. Na4 Rb8 40. Nb3 Qc6 41.
Nc3 Qc7 42. Qd2 Ne5 43. Qxd6 Qxd6 44. Rxd6 Nxc4 45. Rd3 Nxe3 46. Rxe3 Rbc8 47.
Rc1 Rc4 48. e5 Be7 49. a3 Bb7 50. f4 Bxg2 51. Kxg2 Rec8 52. Ne2 Rxc1 53. Nbxc1
a5 54. Rb3 axb4 55. axb4 Rc4 56. Nd3 g5 57. Rc3 b5 58. Rxc4 bxc4 59. Nc5 gxf4
60. gxf4 f6 61. Kf3 fxe5 62. fxe5 Kf7 63. Ke3 Ng5 64. Nc3 Ke8 65. N3e4 Nf7 66.
Kd4 Bf8 67. Nf6+ Ke7 68. b5 c3 69. Ng8+ Ke8 70. Nf6+ Ke7 71. Kxc3 Nxe5 72. Nfe4
Nd7 73. Nxd7 1/2-1/2

[Event "Choc des generations"]
[Site "Montreal CAN"]
[Date "2023.03.31"]
[Round "1.3"]
[White "Duong, Thanh Nha"]
[Black "Adam, Rafael"]
[Result "1/2-1/2"]
[WhiteElo "2074"]
[BlackElo "1965"]
[PlyCount "96"]
[EventDate "2023.03.31"]
[EventType "schev"]
[EventRounds "5"]
[EventCountry "CAN"]

1. e4 c6 2. d3 d5 3. Nd2 dxe4 4. dxe4 e5 5. Ngf3 Nd7 6. Bc4 Be7 7. c3 Ngf6 8.
O-O O-O 9. Re1 Qc7 10. a4 a5 11. Nf1 Nc5 12. Ng3 Rd8 13. Qe2 Be6 14. Bxe6 Nxe6
15. Qc4 Rd7 16. Nf5 Bf8 17. Ng5 Nc5 18. Be3 b6 19. f3 Rad8 20. Nh3 Nd3 21. Re2
Bc5 22. Bxc5 Nxc5 23. Nf2 Ne8 24. b4 Nxa4 25. bxa5 b5 26. Qb3 Qxa5 27. c4 Nc5
28. Qb2 Qb6 29. Kh1 f6 30. cxb5 Qxb5 31. Qa2+ Qb3 32. h4 Qxa2 33. Rexa2 Nb3 34.
Rb1 Nd4 35. Ne3 Nd6 36. Nd3 N6b5 37. Nc5 Nc3 38. Nxd7 Nxb1 39. Ra7 Nd2 40. Nc5
Rb8 41. h5 h6 42. Kh2 Rb2 43. Kg3 Rb5 44. Nb7 Rb3 45. Kf2 Rb2 46. Kg3 Rb3 47.
Kf2 Rb2 48. Kg3 Rb3 1/2-1/2

[Event "Choc des generations"]
[Site "Montreal CAN"]
[Date "2023.04.01"]
[Round "2.3"]
[White "Rodrigue-Lemieux, Shawn"]
[Black "Duong, Thanh Nha"]
[Result "1-0"]
[WhiteElo "2456"]
[BlackElo "2074"]
[PlyCount "77"]
[EventDate "2023.03.31"]
[EventType "schev"]
[EventRounds "5"]
[EventCountry "CAN"]

1. d4 d5 2. c4 e6 3. Nf3 Nf6 4. g3 dxc4 5. Bg2 Bb4+ 6. Bd2 c5 7. Bxb4 cxb4 8.
Ne5 O-O 9. a3 Nd5 10. Nxc4 Nc6 11. e3 b5 12. Ncd2 Bb7 13. O-O Rc8 14. Nb3 Qb6
15. Nc5 Rfd8 16. axb4 Ndxb4 17. Nxb7 Qxb7 18. Nc3 Qb6 19. Qh5 a6 20. Rfd1 Ne7
21. Ne4 h6 22. g4 f5 23. Nc5 fxg4 24. Qxg4 Rd6 25. Ne4 Rdd8 26. Nc5 Rd6 27. Ne4
Rdd8 28. Nf6+ Kh8 29. Nh5 Rg8 30. Nf4 Nbd5 31. Nxe6 Nf6 32. Qh3 Rc2 33. d5 Qd6
34. Qg3 Qd7 35. Rxa6 Rxb2 36. Ra8 Nf5 37. Rxg8+ Kxg8 38. Qe5 Rxf2 39. Qb8+ 1-0

[Event "Choc des generations"]
[Site "Montreal CAN"]
[Date "2023.04.01"]
[Round "3.3"]
[White "Zhong, Kevin"]
[Black "Duong, Thanh Nha"]
[Result "1-0"]
[WhiteElo "2120"]
[BlackElo "2074"]
[PlyCount "59"]
[EventDate "2023.03.31"]
[EventType "schev"]
[EventRounds "5"]
[EventCountry "CAN"]

1. d4 Nf6 2. c4 d6 3. Nf3 Bg4 4. e3 Nbd7 5. Be2 e5 6. Nc3 Be7 7. O-O O-O 8. e4
c6 9. Be3 Re8 10. d5 a5 11. h3 Bxf3 12. Bxf3 Nc5 13. a3 Qb6 14. Rb1 Qa6 15. Be2
a4 16. Bxc5 dxc5 17. Qd3 Rab8 18. Bd1 b5 19. dxc6 b4 20. c7 Ra8 21. Nb5 Qc6 22.
Bg4 Qxe4 23. Qxe4 Nxe4 24. Bd7 Nd6 25. Bxe8 Rxe8 26. Rfd1 Nxc4 27. Na7 Nb6 28.
Nc6 Kf8 29. Rd8 c4 30. Rbd1 1-0

[Event "Choc des generations"]
[Site "Montreal CAN"]
[Date "2023.04.02"]
[Round "5.3"]
[White "Duong, Thanh Nha"]
[Black "Tanaka, Tyler"]
[Result "0-1"]
[WhiteElo "2074"]
[BlackElo "2267"]
[PlyCount "82"]
[EventDate "2023.03.31"]
[EventType "schev"]
[EventRounds "5"]
[EventCountry "CAN"]

1. d4 Nf6 2. Nf3 d5 3. c4 e6 4. e3 c5 5. cxd5 exd5 6. Bb5+ Nc6 7. O-O Be7 8. b3
O-O 9. dxc5 Bxc5 10. Bb2 Bg4 11. Nc3 Re8 12. Rc1 Bd6 13. Be2 Rc8 14. Nb5 Bb8
15. Re1 Ne4 16. Nbd4 Qd6 17. g3 Qh6 18. Nxc6 bxc6 19. Nh4 Nxf2 20. Kxf2 Qxe3+
21. Kf1 Bxg3 22. hxg3 Bh3+ 23. Ng2 Qxg3 24. Bf3 Rxe1+ 25. Qxe1 Qxf3+ 26. Qf2
Bxg2+ 27. Kg1 Qxf2+ 28. Kxf2 Be4 29. Bd4 a6 30. b4 f6 31. a4 Bd3 32. b5 axb5
33. a5 b4 34. Ke3 Bc4 35. Bc5 b3 36. Ra1 Re8+ 37. Kf3 Re2 38. Bd4 Ra2 39. Rg1
Kf7 40. Bc3 Bd3 41. Ke3 Be4 0-1

[Event "Aurora Spring op"]
[Site "Newmarket CAN"]
[Date "2023.03.25"]
[Round "2"]
[White "Rodrigue-Lemieux, Shawn"]
[Black "Duong, Thanh Nha"]
[Result "1-0"]
[WhiteElo "2456"]
[BlackElo "2074"]
[PlyCount "41"]
[EventDate "2023.03.25"]
[EventType "swiss"]
[EventRounds "5"]
[EventCountry "CAN"]

1. e4 e5 2. Nf3 Nf6 3. d4 Nxe4 4. dxe5 d5 5. Nbd2 Nxd2 6. Bxd2 Be7 7. Bd3 c5 8.
c4 Be6 9. Qe2 Nc6 10. Rd1 Qb6 11. O-O Rd8 12. b3 O-O 13. Ng5 h6 14. Nxe6 fxe6
15. Qh5 dxc4 16. Bxc4 Nd4 17. Bxh6 Nf5 18. Rxd8 Bxd8 19. Bc1 Bc7 20. Qg6 Nd4
21. Be3 1-0

[Event "Aurora Spring op"]
[Site "Newmarket CAN"]
[Date "2023.03.25"]
[Round "3"]
[White "Duong, Thanh Nha"]
[Black "Huh, Isaak"]
[Result "1/2-1/2"]
[WhiteElo "2074"]
[BlackElo "1801"]
[PlyCount "89"]
[EventDate "2023.03.25"]
[EventType "swiss"]
[EventRounds "5"]
[EventCountry "CAN"]

1. Nf3 Nf6 2. c4 e6 3. g3 d5 4. Bg2 Be7 5. O-O O-O 6. Qc2 b6 7. d4 Bb7 8. cxd5
Nxd5 9. a3 Nd7 10. e4 N5f6 11. Nc3 c5 12. Rd1 cxd4 13. Nxd4 Bc5 14. Nb3 Qe7 15.
Nxc5 Nxc5 16. b4 Ncd7 17. Bf4 e5 18. Bg5 h6 19. Nd5 Bxd5 20. Bxf6 Nxf6 21. exd5
Rad8 22. Rd2 Rd6 23. Rad1 Rfd8 24. Qc4 Qd7 25. Qd3 Qe7 26. Qe3 e4 27. Rd4 Rxd5
28. Rxd5 Rxd5 29. Rxd5 Nxd5 30. Qxe4 Qxe4 31. Bxe4 Nc7 32. Bd3 Kf8 33. f4 Ke7
34. Bc4 Ne8 35. Kf2 Nd6 36. Bb3 Nf5 37. Ke1 Nd4 38. Bd1 Kd6 39. Kd2 a5 40. Kd3
Kd5 41. bxa5 bxa5 42. Ba4 f6 43. Be8 Nf5 44. Bf7+ Kc5 45. Kc3 1/2-1/2

[Event "Aurora Spring op"]
[Site "Newmarket CAN"]
[Date "2023.03.26"]
[Round "4"]
[White "Duong, Thanh Nha"]
[Black "Noritsyn, Nikolay"]
[Result "1/2-1/2"]
[WhiteElo "2074"]
[BlackElo "2460"]
[PlyCount "132"]
[EventDate "2023.03.25"]
[EventType "swiss"]
[EventRounds "5"]
[EventCountry "CAN"]

1. Nf3 e6 2. c4 d5 3. d4 a6 4. e3 Nf6 5. Nc3 dxc4 6. Bxc4 b5 7. Bb3 Bb7 8. O-O
c5 9. dxc5 Nbd7 10. a3 Bxc5 11. Qe2 O-O 12. Bc2 Qc7 13. Bd2 Nb6 14. Bb3 Rfd8
15. Rfd1 Ng4 16. h3 Ne5 17. Nxe5 Qxe5 18. Be1 h5 19. h4 Bd6 20. f4 Qc5 21. Rac1
Nc4 22. Bxc4 bxc4 23. Na4 Qf5 24. Rxc4 Bf8 25. Rcd4 Rxd4 26. Rxd4 e5 27. fxe5
Qxe5 28. Bb4 Re8 29. Qf2 Bxb4 30. Rxb4 Bc6 31. Nc3 Re6 32. Qf4 Qc5 33. Qd4 Qf5
34. e4 Qg4 35. Qd8+ Kh7 36. Qg5 Qxg5 37. hxg5 Kg6 38. Rb6 Bd7 39. Rb7 Be8 40.
Kf2 Kxg5 41. Kf3 g6 42. Rc7 h4 43. Rc5+ f5 44. exf5 gxf5 45. b4 Bc6+ 46. Kf2
Rd6 47. a4 Bb7 48. Rc7 Bd5 49. Rc5 Bb7 50. Rc7 Rb6 51. b5 axb5 52. axb5 Be4 53.
Rc5 Re6 54. b6 Bb7 55. Na4 Re4 56. Rc7 Rf4+ 57. Ke3 Rxa4 58. Rg7+ Kf6 59. Rxb7
Ra3+ 60. Kf4 Ra4+ 61. Kf3 Rb4 62. Rb8 Rb3+ 63. Kf4 Rb4+ 64. Kf3 Kg5 65. Rg8+
Kf6 66. Rb8 Rb3+ 1/2-1/2

[Event "Aurora Spring op"]
[Site "Newmarket CAN"]
[Date "2023.03.26"]
[Round "5"]
[White "Lawson, Eric"]
[Black "Duong, Thanh Nha"]
[Result "1/2-1/2"]
[WhiteElo "2313"]
[BlackElo "2074"]
[PlyCount "54"]
[EventDate "2023.03.25"]
[EventType "swiss"]
[EventRounds "5"]
[EventCountry "CAN"]

1. e4 e5 2. Nf3 Nf6 3. d4 Nxe4 4. dxe5 d5 5. Nbd2 Nxd2 6. Bxd2 Be7 7. Bd3 c5 8.
c3 Nc6 9. Bf4 Bg4 10. h3 Bh5 11. g4 Bg6 12. Bf5 d4 13. cxd4 cxd4 14. O-O O-O
15. Qb3 Qb6 16. Bxg6 hxg6 17. Qxb6 axb6 18. Rfd1 Rfd8 19. a3 Rd5 20. Rd3 b5 21.
Rad1 Bc5 22. b4 Bb6 23. Kf1 Re8 24. Be3 Red8 25. Bg5 Re8 26. Be3 Red8 27. Bg5
Re8 1/2-1/2

[Event "Carnaval"]
[Site "Quebec CAN"]
[Date "2023.02.10"]
[Round "1"]
[White "Deboosere, Adam"]
[Black "Duong, Thanh Nha"]
[Result "1/2-1/2"]
[WhiteElo "1864"]
[BlackElo "2238"]
[PlyCount "87"]
[EventDate "2023.02.10"]
[EventType "swiss"]
[EventRounds "5"]
[EventCountry "CAN"]

1. d4 d5 2. c4 Nc6 3. e3 e6 4. Nf3 Nf6 5. Bd3 a6 6. Nbd2 b6 7. a3 Bb7 8. b4
dxc4 9. Nxc4 Be7 10. O-O O-O 11. Bb2 a5 12. b5 Na7 13. Nce5 c6 14. bxc6 Nxc6
15. Nxc6 Bxc6 16. Ne5 Bd5 17. Be2 Bd6 18. Rc1 Rc8 19. Qa4 Qe7 20. Ba6 Ra8 21.
Bb5 Rfc8 22. Bc6 Bxc6 23. Rxc6 Rxc6 24. Qxc6 Rb8 25. a4 Nd5 26. Nc4 Bc7 27. Ba3
Qe8 28. Qxe8+ Rxe8 29. Rc1 f5 30. Nd6 Bxd6 31. Bxd6 Kf7 32. g3 Ra8 33. Kg2 Ke8
34. Be5 g5 35. Rc6 Kd7 36. Rd6+ Ke7 37. Rc6 g4 38. h3 h5 39. h4 Kd7 40. Rd6+
Ke7 41. Rc6 Kd7 42. Rd6+ Ke7 43. Rc6 Kd7 44. Rd6+ 1/2-1/2

[Event "Carnaval"]
[Site "Quebec CAN"]
[Date "2023.02.11"]
[Round "2"]
[White "Duong, Thanh Nha"]
[Black "Gingras, Philippe"]
[Result "1-0"]
[WhiteElo "2238"]
[BlackElo "2054"]
[PlyCount "77"]
[EventDate "2023.02.10"]
[EventType "swiss"]
[EventRounds "5"]
[EventCountry "CAN"]

1. c4 Nf6 2. Nf3 e6 3. g3 d5 4. Bg2 Be7 5. O-O O-O 6. Qc2 Nbd7 7. b3 Ne4 8. Bb2
Bf6 9. d4 b6 10. Nbd2 Nxd2 11. Nxd2 Bb7 12. e4 dxe4 13. Nxe4 Rb8 14. Rad1 Re8
15. f4 Bxe4 16. Bxe4 g6 17. b4 Qe7 18. b5 Bg7 19. Bc6 Red8 20. Rf3 Qf6 21. Bc3
Qf5 22. Be4 Qh5 23. Qg2 Nc5 24. Bc2 Nb7 25. g4 Qh4 26. Rh3 Qe7 27. Qe2 Qd6 28.
Qf2 c6 29. a4 cxb5 30. axb5 Qc7 31. f5 exf5 32. gxf5 Rd6 33. Qh4 Qxc4 34. Qxh7+
Kf8 35. Rg3 Qe2 36. Rf1 f6 37. Bb3 Re6 38. Bb4+ Ke8 39. Qg8+ 1-0

[Event "Carnaval"]
[Site "Quebec CAN"]
[Date "2023.02.11"]
[Round "3"]
[White "Duong, Thanh Nha"]
[Black "Guillemette, Hugo"]
[Result "1-0"]
[WhiteElo "2238"]
[BlackElo "2104"]
[PlyCount "63"]
[EventDate "2023.02.10"]
[EventType "swiss"]
[EventRounds "5"]
[EventCountry "CAN"]

1. Nf3 c5 2. g3 b6 3. Bg2 Bb7 4. O-O e6 5. d3 Nf6 6. e4 d6 7. Re1 Nbd7 8. Nbd2
Be7 9. c3 O-O 10. b3 Qc7 11. Bb2 Rac8 12. Rc1 Qb8 13. Qe2 Rfd8 14. h3 Bf8 15.
Nh2 Ba6 16. f4 b5 17. c4 bxc4 18. dxc4 d5 19. e5 Ne8 20. f5 dxc4 21. Nxc4 Nb6
22. fxe6 fxe6 23. Nf3 Qc7 24. Ng5 Qe7 25. Qg4 Nxc4 26. bxc4 Nc7 27. Re2 h6 28.
Ne4 Ne8 29. Rf2 g5 30. h4 Bg7 31. hxg5 hxg5 32. Nxg5 1-0

[Event "Carnaval"]
[Site "Quebec CAN"]
[Date "2023.02.11"]
[Round "4"]
[White "Rodrigue-Lemieux, Shawn"]
[Black "Duong, Thanh Nha"]
[Result "1-0"]
[WhiteElo "2510"]
[BlackElo "2238"]
[PlyCount "161"]
[EventDate "2023.02.10"]
[EventType "swiss"]
[EventRounds "5"]
[EventCountry "CAN"]

1. d4 d5 2. c4 Nc6 3. Nc3 e6 4. Nf3 Nf6 5. a3 a6 6. cxd5 exd5 7. Bg5 Be7 8. e3
Ne4 9. Bxe7 Nxe7 10. Nxe4 dxe4 11. Nd2 f5 12. Bc4 Qd6 13. Rc1 c6 14. O-O Nd5
15. Qb3 O-O 16. f3 exf3 17. Bxd5+ cxd5 18. Nxf3 Bd7 19. Rc5 Bc6 20. Ne5 Rae8
21. Qc2 Rxe5 22. dxe5 Qxe5 23. Qc3 Qe6 24. Qd4 Re8 25. Rf3 g6 26. h4 h5 27. a4
Qd6 28. Rf4 Re5 29. Rc2 Qe7 30. Kf2 Re4 31. Rxe4 fxe4 32. g3 Qf7+ 33. Kg1 Qf3
34. Kh2 Qf5 35. b3 Bd7 36. Kg1 Be6 37. Rc7 Bf7 38. Rxb7 Qc8 39. Rxf7 Kxf7 40.
Qxd5+ Kg7 41. Qe5+ Kh7 42. Qxe4 Qc1+ 43. Kh2 Qb2+ 44. Kh3 Qxb3 45. Qe7+ Kh6 46.
Qf6 Kh7 47. Qxa6 Qxe3 48. Qb7+ Kg8 49. Qd5+ Kg7 50. a5 Qe2 51. Qb7+ Kh6 52. Qg2
Qe6+ 53. Kh2 Qa6 54. Qa2 Kg7 55. Qb2+ Kf7 56. Qe5 Qa7 57. Kg2 Qa8+ 58. Kf2 Qa7+
59. Ke2 Qa6+ 60. Kd2 Kg8 61. Kc3 Kh7 62. Qc7+ Kh6 63. Kb4 Qd3 64. Qf4+ Kh7 65.
Qc7+ Kh6 66. Qe5 Kh7 67. Kc5 Qa6 68. Qe7+ Kh6 69. Qc7 Qd3 70. Qe5 Kh7 71. Kb6
Qb3+ 72. Kc7 Qf7+ 73. Kd8 Qf8+ 74. Kd7 Qa8 75. Qc7 Qd5+ 76. Ke7 Kg7 77. a6 Qe4+
78. Kd8+ Kg8 79. a7 Qd5+ 80. Qd7 Qa8+ 81. Ke7 1-0

[Event "Winter Chess Classic"]
[Site "Montreal CAN"]
[Date "2020.03.02"]
[Round "1"]
[White "Posthuma, Joshua"]
[Black "Duong, Thanh Nha"]
[Result "0-1"]
[WhiteElo "2355"]
[BlackElo "2182"]
[PlyCount "156"]
[EventDate "2020.03.02"]
[EventType "tourn"]
[EventRounds "9"]
[EventCountry "CAN"]
[WhiteTeam "USA"]
[BlackTeam "Kanada"]
[WhiteTeamCountry "USA"]
[BlackTeamCountry "CAN"]

1. d4 Nf6 2. c4 e6 3. g3 d5 4. Bg2 dxc4 5. Nf3 Bb4+ 6. Nbd2 c3 7. bxc3 Bxc3 8.
Rb1 O-O 9. Qc2 Ba5 10. O-O Nc6 11. Nc4 Bb6 12. Rd1 Re8 13. e4 h6 14. Bf4 Bd7
15. d5 exd5 16. exd5 Ne7 17. d6 Ng6 18. dxc7 Bxc7 19. Be3 Qc8 20. Qb2 Bc6 21.
Nd6 Bxd6 22. Rxd6 Qg4 23. h3 Qh5 24. g4 Nxg4 25. hxg4 Qxg4 26. Rxc6 bxc6 27.
Qb4 Qc8 28. Rc1 a5 29. Qa4 Ne7 30. Ne5 Qe6 31. Nxc6 Nd5 32. Nd4 Qg4 33. Qd1
Nxe3 34. fxe3 Qxd1+ 35. Rxd1 Rab8 36. Rd3 Rb2 37. Bd5 a4 38. e4 Rc8 39. Nc6 Kh7
40. Ra3 Rc2 41. Nb4 Rd2 42. Nc6 Ra8 43. Bxf7 Ra6 44. Bd5 Rb6 45. Rf3 Rb1+ 46.
Rf1 Rbb2 47. Rf8 h5 48. Bc4 Rbc2 49. Ne5 Rd1+ 50. Rf1 Rdd2 51. Nf3 Rg2+ 52. Kh1
g5 53. Ne1 Rh2+ 54. Kg1 Rb2 55. Rf7+ Kg6 56. Nf3 Rhg2+ 57. Kh1 Rgf2 58. Kg1 Kh6
59. Rf6+ Kg7 60. Rf7+ Kh6 61. e5 g4 62. Rf6+ Kg7 63. Rf7+ Kh6 64. Ne1 g3 65. e6
Rfe2 66. Bxe2 Rxe2 67. Nf3 Rxe6 68. Rd7 Re3 69. Rd6+ Kg7 70. Nh4 Re1+ 71. Kg2
Re2+ 72. Kxg3 Rxa2 73. Kf4 a3 74. Kg5 Kf7 75. Nf5 Ra1 76. Rf6+ Ke8 77. Ra6 a2
78. Kf6 Kd7 0-1

[Event "Winter Chess Classic"]
[Site "Montreal CAN"]
[Date "2020.03.03"]
[Round "2"]
[White "Duong, Thanh Nha"]
[Black "Ragnarsson, Dagur"]
[Result "1/2-1/2"]
[WhiteElo "2182"]
[BlackElo "2400"]
[PlyCount "127"]
[EventDate "2020.03.02"]
[EventType "tourn"]
[EventRounds "9"]
[EventCountry "CAN"]
[WhiteTeam "Kanada"]
[BlackTeam "Island"]
[WhiteTeamCountry "CAN"]
[BlackTeamCountry "ISL"]

1. e4 c5 2. Nf3 e6 3. d3 Nc6 4. g3 Nge7 5. Bg2 g6 6. O-O Bg7 7. c3 O-O 8. Be3
d6 9. Na3 b6 10. d4 Qd7 11. Qd2 f5 12. dxc5 bxc5 13. Rad1 fxe4 14. Ng5 d5 15.
Nxe4 c4 16. Nc5 Qc7 17. Nb5 Qb8 18. Nd4 Nd8 19. f4 Qd6 20. Nf3 Rb8 21. Bd4 Rb5
22. b4 cxb3 23. Nxb3 a5 24. Bxg7 Kxg7 25. Nfd4 Rb8 26. Nxa5 Qb6 27. Nab3 Nf5
28. Rfe1 Nc6 29. Qf2 Ncxd4 30. Nxd4 Nxd4 31. cxd4 Rf7 32. Rd2 Ra7 33. Qe2 Qd6
34. Rc1 Ba6 35. Qe3 Bc4 36. Re1 Rb6 37. Bh3 Kf6 38. Qf3 Qb4 39. Qe3 Qd6 40. Qf2
Qb4 41. g4 Kg7 42. f5 Qc3 43. fxe6 Qxh3 44. e7 Qxg4+ 45. Kh1 Rb8 46. e8=Q Rxe8
47. Rxe8 Rf7 48. Qg3 Qxg3 49. hxg3 Rf3 50. Kg2 Ra3 51. Re1 h5 52. Kf2 Rc3 53.
Re3 Rc1 54. Ra3 Kf6 55. Kg2 Kf5 56. Re3 Kg4 57. Rf2 g5 58. Rd2 Ba6 59. Kf2 Rf1+
60. Kg2 Rc1 61. Kf2 Rf1+ 62. Kg2 Rc1 63. Rc3 Kf5 64. Rf2+ 1/2-1/2

[Event "Winter Chess Classic"]
[Site "Montreal CAN"]
[Date "2020.03.03"]
[Round "3"]
[White "Williams, Justus"]
[Black "Duong, Thanh Nha"]
[Result "1/2-1/2"]
[WhiteElo "2340"]
[BlackElo "2182"]
[PlyCount "103"]
[EventDate "2020.03.02"]
[EventType "tourn"]
[EventRounds "9"]
[EventCountry "CAN"]
[WhiteTeam "USA"]
[BlackTeam "Kanada"]
[WhiteTeamCountry "USA"]
[BlackTeamCountry "CAN"]

1. Nf3 Nf6 2. c4 e6 3. g3 b6 4. Bg2 Bb7 5. O-O c5 6. Nc3 Be7 7. d4 cxd4 8. Qxd4
d6 9. Rd1 a6 10. b3 Nbd7 11. Ng5 Bxg2 12. Kxg2 Nc5 13. Nge4 Ncxe4 14. Nxe4 d5
15. cxd5 Qxd5 16. Qxd5 Nxd5 17. Bb2 O-O 18. Nc3 Nxc3 19. Bxc3 Rfc8 20. Be5 Rc2
21. Kf3 Rac8 22. Rd7 Bf6 23. Bxf6 gxf6 24. Rb7 R8c3+ 25. e3 Rd2 26. Rxb6 Rcc2
27. Rf1 Rxa2 28. h4 Kg7 29. h5 f5 30. Rb7 h6 31. Rb4 a5 32. Rc4 Rdb2 33. g4
fxg4+ 34. Rxg4+ Kf6 35. Rf4+ Ke7 36. Kg3 Rxb3 37. Rc1 Rb7 38. Rc8 Rab2 39. Rh8
R2b4 40. Rxh6 Rxf4 41. exf4 Kf8 42. Rh8+ Kg7 43. Ra8 Rb5 44. Kg4 Rf5 45. Ra7
Kf6 46. Ra8 Kg7 47. Ra7 Kh6 48. Ra8 Rb5 49. Rh8+ Kg7 50. Ra8 Rd5 51. Ra7 Rf5
52. Ra8 1/2-1/2

[Event "Winter Chess Classic"]
[Site "Montreal CAN"]
[Date "2020.03.05"]
[Round "6"]
[White "Duong, Thanh Nha"]
[Black "Liang, Jason"]
[Result "0-1"]
[WhiteElo "2182"]
[BlackElo "2288"]
[PlyCount "130"]
[EventDate "2020.03.02"]
[EventType "tourn"]
[EventRounds "9"]
[EventCountry "CAN"]
[WhiteTeam "Kanada"]
[BlackTeam "USA"]
[WhiteTeamCountry "CAN"]
[BlackTeamCountry "USA"]

1. c4 e6 2. Nf3 Nf6 3. Nc3 d5 4. d4 c6 5. cxd5 exd5 6. Bg5 Bf5 7. e3 Qb6 8. Qc1
Nbd7 9. Nh4 Be6 10. Bxf6 Nxf6 11. Bd3 g6 12. O-O Be7 13. Nf3 O-O 14. a3 Qc7 15.
Qc2 Bd6 16. h3 Rae8 17. Rac1 Qc8 18. Ne5 Nh5 19. f4 f6 20. Nf3 Bd7 21. Qf2 Qd8
22. Rce1 Ng7 23. g4 Re7 24. Qh4 Qe8 25. Kf2 Ne6 26. Qh6 Nd8 27. Qh4 Qf7 28. Kg2
Rfe8 29. Qf2 Qg7 30. Re2 Nf7 31. Rfe1 Bc7 32. b4 Nd6 33. Nd2 Qf7 34. Nb3 f5 35.
g5 Ne4 36. Nxe4 fxe4 37. Bc2 Qf5 38. Rh1 h6 39. h4 Rh7 40. Qg3 Kg7 41. Kg1 Qg4
42. Rg2 Qxg3 43. Rxg3 Reh8 44. Nc5 Bc8 45. b5 hxg5 46. Rxg5 Bd8 47. Rg2 Bxh4
48. Kf1 Be7 49. Rxh7+ Rxh7 50. Kg1 cxb5 51. Bb3 b6 52. f5 Bxf5 53. Na6 Rh3 54.
Kf2 Rf3+ 55. Ke2 Bxa3 56. Nc7 Bc1 57. Nxd5 Be6 58. Rg1 Bxd5 59. Bxd5 Rxe3+ 60.
Kd1 Bb2 61. Rg4 Kh6 62. Bxe4 Kh5 63. Rf4 Kg5 64. Rf2 Rxe4 65. Rxb2 Rxd4+ 0-1

[Event "Winter Chess Classic"]
[Site "Montreal CAN"]
[Date "2020.03.06"]
[Round "8"]
[White "Rodrigue-Lemieux, Shawn"]
[Black "Duong, Thanh Nha"]
[Result "1/2-1/2"]
[WhiteElo "2276"]
[BlackElo "2182"]
[PlyCount "31"]
[EventDate "2020.03.02"]
[EventType "tourn"]
[EventRounds "9"]
[EventCountry "CAN"]
[WhiteTeam "Kanada"]
[BlackTeam "Kanada"]
[WhiteTeamCountry "CAN"]
[BlackTeamCountry "CAN"]

1. c4 c5 2. Nf3 Nf6 3. g3 b6 4. Bg2 Bb7 5. O-O g6 6. b3 Bg7 7. Bb2 O-O 8. Nc3
d6 9. d4 cxd4 10. Nxd4 Bxg2 11. Kxg2 Qc8 12. Qd3 Qb7+ 13. Qf3 Qxf3+ 14. Nxf3
Nc6 15. Rfd1 Rac8 16. Rac1 1/2-1/2

[Event "Winter Chess Classic"]
[Site "Montreal CAN"]
[Date "2020.03.06"]
[Round "9"]
[White "Duong, Thanh Nha"]
[Black "Eckert, Doug"]
[Result "1/2-1/2"]
[WhiteElo "2182"]
[BlackElo "2139"]
[PlyCount "116"]
[EventDate "2020.03.02"]
[EventType "tourn"]
[EventRounds "9"]
[EventCountry "CAN"]
[WhiteTeam "Kanada"]
[BlackTeam "USA"]
[WhiteTeamCountry "CAN"]
[BlackTeamCountry "USA"]

1. e4 e5 2. Nf3 Nc6 3. Bb5 a6 4. Bxc6 dxc6 5. Nc3 f6 6. d4 exd4 7. Nxd4 c5 8.
Nde2 Qxd1+ 9. Nxd1 Bd7 10. Bf4 O-O-O 11. Ne3 Ne7 12. f3 g5 13. Bg3 Bg7 14.
O-O-O Be6 15. h4 h6 16. Bf2 f5 17. Nxf5 Nxf5 18. exf5 Bxf5 19. Rxd8+ Rxd8 20.
hxg5 hxg5 21. Bxc5 Re8 22. Ng3 Bg6 23. Bf2 Be5 24. Re1 Bf4+ 25. Kb1 Rxe1+ 26.
Bxe1 Bxg3 27. Bxg3 Bf5 28. b4 g4 29. fxg4 Bxg4 30. Kb2 c5 31. b5 axb5 32. Bd6
c4 33. Kc3 Kd7 34. Bb4 Ke8 35. Kd4 Bd7 36. Ke5 Kf7 37. Bd2 Kg6 38. Bf4 Bc6 39.
g4 Bf3 40. g5 Bc6 41. a3 Bf3 42. Kd6 Bc6 43. Kc5 Kf5 44. Bd2 Kg6 45. Kd6 Kf5
46. Ke7 Kg6 47. Ke6 Be4 48. c3 Bc6 49. Be3 Be4 50. Ke5 Bc6 51. Kd6 Be4 52. Bc1
Bc6 53. Kc5 Kf5 54. Kb4 Kg6 55. a4 bxa4 56. Kxc4 a3 57. Kb3 a2 58. Kxa2 Be4
1/2-1/2

[Event "Carnaval"]
[Site "Quebec CAN"]
[Date "2020.02.15"]
[Round "3"]
[White "Duong, Thanh Nha"]
[Black "Huang, Qiuyu"]
[Result "1-0"]
[WhiteElo "2306"]
[BlackElo "2193"]
[Annotator "Boutin,Jean-Roger"]
[PlyCount "69"]
[EventDate "2020.02.14"]
[EventType "swiss"]
[EventRounds "5"]
[EventCountry "CAN"]

1. e4 c5 2. Nc3 Nc6 3. f4 g6 4. Nf3 Bg7 5. Bb5 Nd4 6. O-O Nxb5 7. Nxb5 Nf6 8.
e5 Nd5 9. d3 O-O 10. Qe1 f5 11. Bd2 b6 12. c4 a6 13. Nc3 Nb4 14. Qe2 d6 15. a3
Nc2 16. Rac1 Nd4 17. Nxd4 cxd4 18. Nd5 e6 19. Nb4 Bb7 20. Nc2 dxe5 21. fxe5 Rf7
22. Bb4 Rd7 23. Rce1 Kf7 24. a4 Qc7 25. Rf2 Qc6 26. b3 Rad8 27. Qd2 Ba8 28. Qf4
Kg8 29. Qg3 Kf7 30. Bd2 h6 31. Qh4 Qc7 32. Rfe2 Bb7 33. Bc1 Qc6 34. Qg3 Ba8 35.
h4 1-0

[Event "Le Blanc et Noir de St-Jean"]
[Site "St-Jean CAN"]
[Date "2020.01.17"]
[Round "1.4"]
[White "Duong, Thanh Nha"]
[Black "Kozlov, Guennadi"]
[Result "1-0"]
[WhiteElo "2300"]
[BlackElo "1902"]
[PlyCount "67"]
[EventDate "2020.01.17"]
[EventType "swiss"]
[EventRounds "5"]
[EventCountry "CAN"]

1. e4 e6 2. d3 d5 3. Nd2 Nf6 4. Ngf3 c5 5. g3 Nc6 6. Bg2 dxe4 7. dxe4 e5 8. O-O
Bg4 9. h3 Bxf3 10. Bxf3 Be7 11. c3 O-O 12. Qb3 Qc7 13. Nc4 Rad8 14. Re1 a6 15.
a4 Rb8 16. a5 h6 17. Be3 Na7 18. Bg2 g5 19. Rf1 Kg7 20. Kh2 Nb5 21. Nb6 Nd6 22.
Qc2 Nc8 23. Nc4 b5 24. axb6 Nxb6 25. Nd2 Ra8 26. Ra5 Nfd7 27. Rfa1 Qc8 28. Bf1
Nb8 29. Be2 N6d7 30. Bg4 Qb7 31. Nc4 Nc6 32. R5a3 Nb6 33. Rb3 Bd8 34. Bxc5 1-0